[Event "Titled Tuesday intern op1 27th Jan"]
[Site "Chess.com INT"]
[Date "2015.01.27"]
[Round "6"]
[White "Fernandez, Gumersindo"]
[Black "Ehlvest, Jaan"]
[Result "1-0"]
[WhiteElo "2155"]
[BlackElo "2547"]
[PlyCount "83"]
[EventDate "2015.01.27"]
[EventType "swiss (blitz)"]
[EventRounds "9"]
[EventCountry "USA"]
[SourceTitle "EXT 2021"]
[Source "ChessBase"]
[SourceDate "2020.10.23"]
[SourceVersion "1"]
[SourceVersionDate "2020.10.23"]
[SourceQuality "1"]

1. d4 Nf6 2. c4 e6 3. Nf3 d5 4. cxd5 exd5 5. Nc3 c6 6. Bg5 h6 7. Bh4 Be7 8. e3 Bf5 9. Bd3 Bxd3 10. Qxd3 Nbd7 11. 0-0 0-0 12. Rab1 Ne4 13. Bxe7 Qxe7 14. b4 a6 15. Nd2 Nxc3 16. Qxc3 Nb6 17. Qc2 Nc8 18. Qc5 Nd6 19. a4 Qe6 20. Qc2 Rae8 21. Nb3 f5 22. Nc5 Qf7 23. g3 Re7 24. Nd3 g5 25. Ne5 Qf6 26. f4 Rg7 27. Kh1 h5 28. Qe2 h4 29. g4 gxf4 30. Rxf4 Qh6 31. Rg1 h3 32. gxf5 Rxf5 33. Rxg7+ Qxg7 34. Rg4 Rg5 35. Rxg5 Qxg5 36. Qf3 Nf5 37. Qxh3 Nxe3 38. Qc8+ Kh7 39. Qxb7+ Kg8 40. Qc8+ Kg7 41. Qd7+ Kg8 42. Qf7+ 1-0

[Event "Titled Tuesday intern op 27th Jan"]
[Site "Chess.com INT"]
[Date "2015.01.27"]
[Round "3"]
[White "Reinderman, Dimitri"]
[Black "Fernandez, Gumersindo"]
[Result "1-0"]
[WhiteElo "2588"]
[BlackElo "2107"]
[PlyCount "95"]
[EventDate "2015.01.27"]
[EventType "swiss (blitz)"]
[EventRounds "9"]
[EventCountry "USA"]
[SourceTitle "EXT 2021"]
[Source "ChessBase"]
[SourceDate "2020.10.23"]
[SourceVersion "1"]
[SourceVersionDate "2020.10.23"]
[SourceQuality "1"]

1. c4 c6 2. Nf3 d5 3. g3 Nf6 4. Bg2 g6 5. b3 Bg7 6. Bb2 0-0 7. 0-0 b6 8. d4 Bb7 9. Nbd2 Nbd7 10. Qc2 Rc8 11. e4 dxe4 12. Nxe4 c5 13. Nxf6+ Bxf6 14. d5 Bxb2 15. Qxb2 Nf6 16. Rfe1 Qd6 17. Rad1 Rcd8 18. Qc1 Kg7 19. Qc3 Kg8 20. Rd2 a5 21. Rde2 Rfe8 22. h3 Ra8 23. a4 Rad8 24. Re3 Bc8 25. Ne5 Bb7 26. Nd3 Bc8 27. Nf4 Kg7 28. Re5 Kg8 29. Qe3 Kf8 30. Kh2 Rd7 31. Bf3 Rc7 32. Qc3 Kg7 33. Kg2 Kg8 34. h4 Ng4 35. Bxg4 Bxg4 36. h5 f6 37. R5e3 g5 38. Ne6 Rb7 39. h6 Bxe6 40. Rxe6 Qd7 41. Qf3 Rbb8 42. Qh5 Rbd8 43. Kg1 Kf8 44. R1e4 Qc7 45. Kg2 Rd6 46. f4 Rxe6 47. dxe6 Qc6 48. Qf7# 1-0

[Event "Titled Tuesday intern op 30th Dec"]
[Site "Chess.com INT"]
[Date "2014.12.30"]
[Round "1"]
[White "Licznerski, Lukasz"]
[Black "Fernandez, Gumersindo"]
[Result "1-0"]
[WhiteElo "2318"]
[BlackElo "2102"]
[PlyCount "77"]
[EventDate "2014.12.30"]
[EventType "swiss (blitz)"]
[EventRounds "9"]
[EventCountry "USA"]
[SourceTitle "EXT 2021"]
[Source "ChessBase"]
[SourceDate "2020.10.23"]
[SourceVersion "1"]
[SourceVersionDate "2020.10.23"]
[SourceQuality "1"]

1. e4 e5 2. Nf3 Nc6 3. Bb5 Nf6 4. 0-0 Nxe4 5. d4 Nd6 6. Bxc6 dxc6 7. dxe5 Nf5 8. Qxd8+ Kxd8 9. Nc3 Ke8 10. h3 h5 11. b3 Be7 12. Bb2 Be6 13. Ne2 c5 14. Rad1 a5 15. Nf4 Rh6 16. g4 hxg4 17. hxg4 Nh4 18. Nxh4 Rxh4 19. f3 Bd7 20. e6 fxe6 21. Bxg7 Bd6 22. Ng6 Rh7 23. Be5 Bxe5 24. Nxe5 a4 25. Kg2 axb3 26. axb3 Ra2 27. Rf2 Bc8 28. Kg3 b6 29. g5 Rg7 30. f4 Bb7 31. Rh2 Bd5 32. Rh8+ Ke7 33. c4 Ra3 34. cxd5 Rxb3+ 35. Kg4 c4 36. dxe6 Kxe6 37. Re8+ Re7 38. f5+ Kxe5 39. Rxe7# 1-0

[Event "Titled Tuesday intern op 30th Dec"]
[Site "Chess.com INT"]
[Date "2014.12.30"]
[Round "3"]
[White "Zumsande, Martin"]
[Black "Fernandez, Gumersindo"]
[Result "1-0"]
[WhiteElo "2428"]
[BlackElo "2100"]
[PlyCount "51"]
[EventDate "2014.12.30"]
[EventType "swiss (blitz)"]
[EventRounds "9"]
[EventCountry "USA"]
[SourceTitle "EXT 2021"]
[Source "ChessBase"]
[SourceDate "2020.10.23"]
[SourceVersion "1"]
[SourceVersionDate "2020.10.23"]
[SourceQuality "1"]

1. e4 e5 2. Nf3 Nc6 3. d4 exd4 4. Nxd4 Nf6 5. Nxc6 bxc6 6. e5 Qe7 7. Qe2 Nd5 8. c4 Nb6 9. b3 g6 10. Bb2 Bg7 11. Nd2 0-0 12. 0-0-0 Re8 13. f4 d6 14. Ne4 dxe5 15. fxe5 Bxe5 16. Bxe5 Qxe5 17. Nf6+ Qxf6 18. Qxe8+ Kg7 19. Qe4 Qa1+ 20. Qb1 Qc3+ 21. Qc2 Qa1+ 22. Kd2 Qd4+ 23. Bd3 Bf5 24. Qc3 Rd8 25. Qxd4+ Rxd4 26. Kc3 1-0